Statistiques concernant Nommés au César du meilleur acteur

Cliquez ici pour prendre le quiz!

Statistiques générales

  • Ce quiz a été pris 916 fois
    (793 depuis la dernière actualisation)
  • Le résultat moyen est 167 sur 211

Statistiques - réponses

AnnéeActeurFilm% Correct
1976Gérard DepardieuSept morts sur ordonnace
99%
1979Gérard DepardieuLe sucre
99%
1990Gérard DepardieuTrop belle pour toi
99%
1988Gérard DepardieuSous le soleil de Satan
99%
2007Gérard DepardieuQuand j'étais chanteur
99%
1986Gérard DepardieuPolice
99%
1991Gérard DepardieuCyrano de Bergerac *
99%
1985Gérard DepardieuFort Saganne
99%
1984Gérard DepardieuLes compères
99%
1983Gérard DepardieuDanton
99%
2011Gérard DepardieuMammuth
99%
1981Gérard DepardieuLe dernier métro *
99%
1989Gérard DepardieuCamille Claudel
99%
1978Gérard DepardieuDites-lui que je l'aime
99%
1977Gérard DepardieuLa dernière femme
99%
1995Gérard DepardieuLe Colonel Chabert
99%
2016Gérard DepardieuValley of love
99%
2009Guillaume DepardieuVersailles
97%
2007Alain ChabatPrête-moi ta main
95%
1996Alain ChabatGazon maudit
95%
1998Alain ChabatDidier
95%
2012Jean DujardinThe Artist
95%
2007Jean DujardinOSS 117 : Le Caire, nid d'espions
95%
1995Jean RenoLéon
95%
1994Jean RenoLes visiteurs
95%
2003Daniel AuteuilL'adversaire
94%
1991Daniel AuteuilLacenaire
94%
1987Daniel AuteuilJean de Florette / Manon des Sources *
94%
2004Daniel AuteuilAprès vous
94%
1995Daniel AuteuilLa séparation
94%
1994Daniel AuteuilMa saison préférée
94%
2000Daniel AuteuilLa fille sur le pont *
94%
1998Daniel AuteuilLe bossu
94%
1997Daniel AuteuilLe huitième jour
94%
1993Daniel AuteuilUn coeur en hiver
94%
2005Daniel Auteuil36 quai des orfèvres
94%
1989Daniel AuteuilQuelques jours avec moi
94%
2005Gérard JugnotLes choristes
94%
1992Gérard JugnotUne époque formidable
94%
1988Gérard JugnotTandem
94%
2007Michel BlancJe vous trouve très beau
94%
1987Michel BlancTenue de soirée
94%
2008Michel BlancLes témoins
94%
1990Michel BlancMonsieur Hire
94%
1994Christian ClavierLes visiteurs
93%
2012Omar SyIntouchables *
93%
1978Alain DelonMort d'un pourri
92%
1977Alain DelonMonsieur Klein
92%
1985Alin DelonNotre histoire *
91%
1984ColucheTchao pantin *
91%
1989Jean-Paul BelmondoItinéraire d'un enfant gâté *
91%
1986Michel SerraultOn ne meurt que deux fois
91%
1996Michel SerraultNelly et Monsieur Arnaud *
91%
1984Michel SerraultMortelle randonnée
91%
1982Michel SerraultGarde à vue *
91%
1981Michel SerraultLa cage aux folles 2
91%
1979Michel SerraultLa cage aux folles *
91%
1991Michel SerraultDocteur Petiot
91%
1990Philippe NoiretLa vie et rien d'autre *
90%
1985Philippe NoiretLes ripoux
90%
1976Philippe NoiretLe vieux fusil *
90%
1982Philippe NoiretCoup de torchon
90%
1981Philippe NoiretPile ou face
90%
2002Vincent CasselSur mes lèvres
90%
1996Vincent CasselLa haine
90%
2009Vincent CasselL'instinct de mort / L'ennemi public n°1 *
90%
2016Vincent CasselMon Roi
90%
2010François CluzetA l'origine
89%
2010François CluzetLe dernier pour la route
89%
2007François CluzetNe le dis à personne *
89%
1996François CluzetLes apprentis
89%
2012François CluzetIntouchables
89%
1999Jacques VilleretLe dîner de cons *
89%
2013Vincent LindonQuelques heures de printemps
88%
2010Vincent LindonWelcome
88%
1993Vincent LindonLa crise
88%
2008Vincent LindonCeux qui restent
88%
2000Vincent LindonMa petite entreprise
88%
2016Vincent LindonLa loi du marché
88%
1991Jean RochefortLe mari de la coiffeuse
86%
1988Jean RochefortTandem
86%
1978Jean RochefortLe Crabe-tambour *
86%
1980Jean RochefortCourage fuyons
86%
2013Patrick BruelLe prénom
86%
2004Gad ElmalehChouchou
85%
2011Lambert WilsonDes hommes et des dieux
85%
1990Lambert WilsonHiver 54, l'abbé Pierre
85%
1986Lambert WilsonRendez-vous
85%
1980Yves MontandI… comme Icare
84%
1984Yves MontandGarçon !
84%
1986Christophe LambertSubway *
83%
1997Fabrice LuchiniBeaumarchais, l'insolent
83%
2013Fabrice LuchiniDans la maison
83%
2014Fabrice LuchiniAlceste à bicyclette
83%
2016Fabrice LuchiniL'hermine
83%
1991Fabrice LuchiniLa discrète
83%
2006Romain DurisDe battre mon coeur s'est arrêté
83%
2015Romain DurisUne nouvelle amie
83%
2011Romain DurisL'arnacoeur
83%
2001Jean-Pierre BacriLe goût des autres
81%
2004Jean-Pierre BacriLes sentiments
81%
2000Jean-Pierre BacriKennedy et moi
81%
2016Jean-Pierre BacriLa Vie très privée de Monsieur Sim
81%
2013Jean-Pierre BacriCherchez Hortense
81%
1992Jean-Pierre MarielleTous les matins du monde
81%
1976Jean-Pierre MarielleLes galettes de Pont-Aven
81%
2008Jean-Pierre MarielleFaut que ça danse !
81%
1980Patrick DewaereSérie noire
81%
1977Patrick DewaereLa meilleure façon de marcher
81%
1981Patrick DewaereUn mauvais fils
81%
1978Patrick DewaereLe juge Fayard dit Le Shériff
81%
1982Patrick DewaereBeau-père
81%
2014Guillaume GallienneLes garçons et Guillaume, à table ! *
80%
1992Jacques DutroncVan Gogh *
79%
2002Jacques DutroncC'est la vie
79%
1983Lino VenturaLes misérables
79%
1977Michel GalabruLe juge et l'assassin *
79%
1998Patrick TimsitLe cousin
79%
1997Patrick TimsitPédale douce
79%
2006Benoît PoelvoordeEntre ses mains
78%
2005Benoît PoelvoordePodium
78%
2015Guillaume CanetLa prochaine fois je viserai le coeur
78%
2014Michel BouquetRenoir
78%
2006Michel BouquetLe promeneur du Champ-de-Mars *
78%
2002Michel BouquetComment j'ai tué mon père *
78%
2015Pierre NineyYves Saint Laurent *
78%
2013Jean-Louis TrintignantAmour *
77%
1995Jean-Louis TrintignantTrois couleurs : Rouge
77%
1996Jean-Louis TrintignantFiesta
77%
1991Michel PiccoliMilou en mai
76%
1985Michel PiccoliLa diagonale du fou
76%
1992Michel PiccoliLa belle noiseuse
76%
1982Michel PiccoliUne étrange affaire
76%
1984Alain SouchonL'été meurtrier
75%
2000Albert DupontelLa maladie de Sachs
75%
2009Albert DupontelDeux jours à tuer
75%
2014Albert Dupontel9 mois fermes
75%
1998André DussollierOn connaît la chanson *
75%
2002André DussollierTanguy
75%
1987André DussollierMélo
75%
2016François DamiensLes cow-boys
75%
2015François DamiensLa famille Bélier
75%
1988Richard BohringerLe grand chemin *
75%
2003Adrien BrodyLe pianiste *
74%
1980Claude BrasseurLa guerre des polices *
74%
1993Claude BrasseurLe souper
74%
1979Claude BrasseurUne histoire simple
74%
1990Jean-Hugues AngladeNocturne indien
74%
1987Jean-Hugues Anglade37°2 le matin
74%
1989Richard AnconinaItinéraire d'un enfant gâté
74%
1995Gérard LanvinLe fils préféré *
73%
1983Gérard LanvinTir groupé
73%
2013Jérémie RénierCloclo
73%
2009François-Xavier DemaisonColuche, l'histoire d'un mec
72%
1989Jean-Marc BarrLe grand bleu
72%
2006José GarciaLe couperet
72%
2001Sergi LopezHarry, un ami qui vous veut du bien *
72%
1979Jean CarmetLe sucre
71%
1988Jean CarmetMiss Mona
71%
1998Charles BerlingNettoyage à sec
70%
1997Charles BerlingRidicule
70%
1999Charles BerlingL'ennui
70%
2001Charles BerlingLes destinées sentimentales
70%
1993Claude RichLe souper *
70%
1994Pierre ArditiSmoking/No smoking *
70%
2008Jean-Pierre DarroussinDialogue avec mon jardinier
68%
1999Jean-Pierre DarroussinLe poulpe
68%
1983Philippe LéotardLa balance *
68%
2012Philippe TorretonPrésumé coupable
68%
1997Philippe TorretonCapitaine Conan *
68%
2005Philippe TorretonL'équipier
68%
2000Philippe TorretonCa commence aujourd'hui
68%
1993Richard BerryLe Petit Prince a dit
68%
1999Antoine de CaunesL'homme est une femme comme les autres
67%
2011Eric ElmosninoGainsbourg, vie héroïque *
66%
2015Gaspard UllielSaint Laurent
66%
2005Mathieu AmalricRois et reines *
66%
2014Mathieu AmalricLa Venus à la fourrure
66%
2008Mathieu AmalricLe scaphandre et le papillon *
66%
1976Victor LanouxCousin, cousine
66%
2003Bernard CampanSe souvenir des belles choses
64%
2011Jacques GamblinLe nom des gens
64%
2009Jacques GamblinLe premier jour du reste de ta vie
64%
2003Mathieu KassovitzAmen
64%
2015Vincent LacosteHippocrate
64%
2012Denis PodalydèsLa conquête
63%
2004Omar SharifMonsieur Ibrahim et les fleurs du Coran *
63%
1978Charles DennerL'homme qui aimait les femmes
62%
2001Bernard GiraudeauUne affaire de goût
60%
2010Yvan AttalRapt
60%
1992Hippolyte GirardotHors la vie
59%
1990Hippolyte GirardotUn monde sans pitié
59%
2012Olivier GourmetL'exercice de l'Etat
59%
2010Tahar RahimUn prophète *
59%
2003François BerléandMon idole
57%
1987Christophe MalavoyLa femme de ma vie
56%
1988Christophe MalavoyDe guerre lasse
56%
2001Pascal GreggoryLa confusion des genres
53%
1999Pascal GreggoryCeux qui m'aiment prendront le train
53%
2012Sami BouajilaOmar m'a tuer
53%
1994Michel BoujenahLe nombril du monde
52%
2006Patrick ChesnaisJe ne suis pas là pour être aimé
50%
2015Niels ArestrupDiplomatie
47%
1986Robin RenucciEscalier C
42%
1985Louis DucreuxUn dimanche à la campagne
39%
2013Denis LavantHoly Motors
38%
2014Mads MikkelsenMichael Kohlhaas
38%
2002Eric CaravacaLa chambre des officiers
37%
2014Grégory GadeboisMon âme par toi guérie
35%
2004Bruno TodeschiniSon frère
31%
2016Anthonythasan JesuthasanDheepan
17%

Distribution des résultats

Percentile par nombre de réponses

% des personnes avec chaque résultat

Votre développement - résultats

Vous n’avez pas pris ce quiz depuis la dernière actualisation